Mountain Ranges by Mountain - Statistics

General Stats
  • This quiz has been taken 16 times
  • The average score is 9 of 18
Answer Stats
Mountain Range % Correct
Aconcagua Andes
100%
Matterhorn Alps
88%
Mitchell Appalachian
81%
Lhotse Himalayas
81%
Narodnaya Ural
81%
Moldoveanu Carpathian
75%
Elbrus Caucasus
75%
Elbert Rocky Mountains
75%
Whitney Sierra Nevada
56%
Monte Perdido Pyrenees
50%
Toubkal Atlas
44%
Rushmore Black Hills
31%
Kosciuszko Great Dividing Range
25%
Jengish Chokusu Tian Shan
25%
Phou Bia Annamite
19%
Corno Grande Appenines
13%
Giant's Castle Drakensberg
13%
Stanley Rwenzori
0%
No matching quizzes found
Score Distribution
Percent of People with Each Score
Percentile by Number Answered
Your Score History
You have not taken this quiz